000 00596nam a2200181 a 4500
005 20241129063746.0
008 991125s1974 fr 000 0 fre u
020 _a204003840X
035 _aUPN01000033899
049 _aCG
050 4 _aN352
_aA88
245 0 0 _aA l'atelier de la souries verte automne /
_ctextes de Gilberte Laroche-Clerc ; la souris verte a eté dessinée par Nicole Théodore-Le Mauff.
260 _aParis :
_bBordas,
_c1974.
300 _a95 p. :
_bil. col.
650 4 _aTrabajos manuales (Educación)
_96600
700 1 _aLaroche-Clerc, Gilberte,
_ecoaut.
905 _aLibro
999 _c33899
_d33899